Escape attempets; (Record no. 131659)
[ view plain ]
| 000 -LEADER | |
|---|---|
| fixed length control field | 00488nam a22001457a 4500 |
| 008 - FIXED-LENGTH DATA ELEMENTS--GENERAL INFORMATION | |
| fixed length control field | 230307b |||||||| |||| 00| 0 eng d |
| 050 ## - LIBRARY OF CONGRESS CALL NUMBER | |
| Classification number | BF575.E83 C64 1992. |
| 100 ## - MAIN ENTRY--PERSONAL NAME | |
| Personal name | Cohen, Stanley |
| 9 (RLIN) | 48317 |
| 245 ## - TITLE STATEMENT | |
| Title | Escape attempets; |
| Remainder of title | the theory and practice of resistance to everyday life, |
| Statement of responsibility, etc | Stanley,Cohen |
| 260 ## - PUBLICATION, DISTRIBUTION, ETC. (IMPRINT) | |
| Place of publication, distribution, etc | London: |
| Name of publisher, distributor, etc | Routledge, |
| Date of publication, distribution, etc | 1992. |
| 300 ## - PHYSICAL DESCRIPTION | |
| Extent | xv; |
| Other physical details | 246p; |
| Dimensions | 22cm. |
| 650 ## - SUBJECT ADDED ENTRY--TOPICAL TERM | |
| Source of heading or term | Escape(psychology) |
| 650 ## - SUBJECT ADDED ENTRY--TOPICAL TERM | |
| Topical term or geographic name as entry element | self-actualization(psychology). |
| 9 (RLIN) | 52218 |
| 942 ## - ADDED ENTRY ELEMENTS (KOHA) | |
| Source of classification or shelving scheme | Library of Congress Classification |
| Item type | Monograph ( Printed materials) |
| Withdrawn status | Lost status | Source of classification or shelving scheme | Damaged status | Not for loan | Home library | Current library | Shelving location | Date acquired | Total Checkouts | Full call number | Barcode | Date last seen | Price effective from | Koha item type |
|---|---|---|---|---|---|---|---|---|---|---|---|---|---|---|
| Library of Congress Classification | ARRUPE LIBRARY | ARRUPE LIBRARY | Main Collection | 07/03/2023 | BF575.E83 C64 1992. | 46700000207 | 07/03/2023 | 07/03/2023 | Monograph ( Printed materials) |